Histoire de Brest

Zapisane w:
Opis bibliograficzny
1. autor: Gallo, Yves Le
Format: Książka
Język:Undetermined
Wydane: Brest Université de betagne occidentale 2000
Hasła przedmiotowe:
Etykiety: Dodaj etykietę
Nie ma etykietki, Dołącz pierwszą etykiete!
Thư viện lưu trữ: Trung tâm Học liệu Trường Đại học Cần Thơ
LEADER 00496nam a2200193Ia 4500
001 CTU_102191
008 210402s9999 xx 000 0 und d
082 |a 994 
082 |b G172 
100 |a Gallo, Yves Le 
245 0 |a Histoire de Brest 
245 0 |c Yves Le Gallo 
260 |a Brest 
260 |b Université de betagne occidentale 
260 |c 2000 
650 |a History 
650 |z Brest (France) 
904 |i Hiếu 
980 |a Trung tâm Học liệu Trường Đại học Cần Thơ